000 00853nam a2200253 a 4500
001 43574
003 BD-RjUL
005 20211209053722.0
008 160625s1967 nyua 000 0 eng
035 _a(BD-RjUL)43692
040 _aBU
_beng
_cBD-RjUL
041 _aeng
082 1 4 _a332.153
_bHOF 1967
100 1 _aHouk, J. T. Dock.
_9133866
245 1 0 _aFinancing and problems of development banking /
_cby J.T. Dock Houk.
260 _aNew York ;
_aLondon :
_bPraeger,
_c1967.
300 _axi, 177 p :
_bill. ;
_c25 cm.
500 _a'Prepared for the Fund for International Cooperative Development'.
650 0 _aDevelopment banks.
_9129975
710 2 _aFund for International Cooperative Development.
_9133867
830 0 _aPraeger special studies in international economics and development
_9133871
942 _2ddc
_cBK
999 _c43574
_d43574